ბათუმის შოთა რუსთაველის სახელმწიფო უნივერსიტეტის ბიბლიოთეკა

Zoology Laboratory. A Photographic Atlas for the (ბიბ.ჩანაწერი № 45341)

000 -LEADER
fixed length control field 00590nam a2200229Ia 4500
001 - CONTROL NUMBER
control field 12165
003 - CONTROL NUMBER IDENTIFIER
control field GE_BSU
008 - FIXED-LENGTH DATA ELEMENTS--GENERAL INFORMATION
fixed length control field 181216s||||||||xx |||||||||||||| ||und||
020 ## - INTERNATIONAL STANDARD BOOK NUMBER
International Standard Book Number 9780895828026
040 ## - CATALOGING SOURCE
Transcribing agency GE_BSU
080 ## - UNIVERSAL DECIMAL CLASSIFICATION NUMBER
Universal Decimal Classification number 59(084.4)
100 ## - MAIN ENTRY--PERSONAL NAME
Personal name Van de Graaff Kent M. John L. Crawley
245 ## - TITLE STATEMENT
Title Zoology Laboratory. A Photographic Atlas for the
250 ## - EDITION STATEMENT
Edition statement 6th Edition
260 ## - PUBLICATION, DISTRIBUTION, ETC.
Place of publication, distribution, etc. Endewood
260 ## - PUBLICATION, DISTRIBUTION, ETC.
Name of publisher, distributor, etc. Morton Publishing Company
260 ## - PUBLICATION, DISTRIBUTION, ETC.
Date of publication, distribution, etc. 2009
300 ## - PHYSICAL DESCRIPTION
Extent 214p.Ill.28cm.
653 ## - INDEX TERM--UNCONTROLLED
Uncontrolled term A Photographic Atlas for the Zoology Lab
942 ## - ADDED ENTRY ELEMENTS (KOHA)
Koha item type წიგნი
ეგზემპლარები
Withdrawn status Lost status Damaged status Not for loan Date acquired Barcode Date last seen Price effective from Koha item type
        2018-12-17 36151 2018-12-17 2018-12-17 წიგნი